[Event "34. Open Ciutat de Badalona 2008"]
[Site "Badalona ESP"]
[Date "2008.08.08"]
[Round "8.10"]
[White "Rojas, Luis"]
[Black "Buchenau, Frank"]
[Result "1/2-1/2"]
[WhiteElo "2406"]
[BlackElo "2335"]
[PlyCount "99"]
[EventDate "2008.08.01"]
[EventType "swiss"]
[EventRounds "9"]
[EventCountry "ESP"]
[SourceTitle "Ajedrez en Madrid"]
[Source "lmi"]
[SourceDate "2008.08.01"]
[SourceVersion "1"]
[SourceVersionDate "2018.07.18"]
[SourceQuality "1"]

1. e4 e6 2. d4 d5 3. e5 c5 4. c3 Qb6 5. Nf3 Nc6 6. Be2 cxd4 7. cxd4 Nh6 8. Nc3
Nf5 9. Na4 Qa5+ 10. Bd2 Bb4 11. Bc3 Bxc3+ 12. Nxc3 Qb6 13. Bb5 Bd7 14. Bxc6
Bxc6 15. Rb1 Bb5 16. Qb3 Bd3 17. Qa4+ Kd8 18. Rd1 Ba6 19. Qa3 Rc8 20. g4 Nh6
21. Rd2 Rc7 22. Kd1 Kc8 23. Na4 Qb5 24. Nc5 Nxg4 25. Rg1 h5 26. h3 Nh6 27. Rxg7
Qf1+ 28. Ne1 Nf5 29. Nxa6 bxa6 30. Rg5 Kb8 31. Qd3 Qxd3 32. Rxd3 Rc4 33. Nc2
Rhc8 34. Rd2 Nh4 35. Rg3 Nf5 36. Rb3+ Ka8 37. Rb4 R4c6 38. Ne3 Nxe3+ 39. fxe3
Rc1+ 40. Ke2 Rg8 41. Rd3 Rg2+ 42. Kf3 Rcc2 43. e4 Rcf2+ 44. Ke3 Re2+ 45. Kf4
Rxe4+ 46. Kf3 Ree2 47. Rdb3 Ref2+ 48. Ke3 Re2+ 49. Kf3 Ref2+ 50. Ke3 1/2-1/2

[Event "34. Open Ciutat de Badalona 2008"]
[Site "Badalona ESP"]
[Date "2008.08.09"]
[Round "9.1"]
[White "Sundararajan, Kidambi"]
[Black "Almeida Quintana, Omar"]
[Result "1/2-1/2"]
[WhiteElo "2446"]
[BlackElo "2524"]
[PlyCount "33"]
[EventDate "2008.08.01"]
[EventType "swiss"]
[EventRounds "9"]
[EventCountry "ESP"]
[SourceTitle "Ajedrez en Madrid"]
[Source "lmi"]
[SourceDate "2008.08.01"]
[SourceVersion "1"]
[SourceVersionDate "2018.07.18"]
[SourceQuality "1"]

1. Nf3 Nf6 2. c4 g6 3. Nc3 Bg7 4. e4 d6 5. d4 O-O 6. Be2 c5 7. d5 e6 8. Bf4
exd5 9. exd5 Re8 10. O-O Ne4 11. Nxe4 Rxe4 12. Bg5 Bf6 13. Bd3 Re8 14. Qd2 Nd7
15. Ne5 Rxe5 16. h4 Re8 17. Bf4 1/2-1/2

[Event "34. Open Ciutat de Badalona 2008"]
[Site "Badalona ESP"]
[Date "2008.08.09"]
[Round "9.2"]
[White "Panchanathan, Magesh Chandran"]
[Black "Munoz Pantoja, Miguel"]
[Result "1/2-1/2"]
[WhiteElo "2486"]
[BlackElo "2499"]
[PlyCount "39"]
[EventDate "2008.08.01"]
[EventType "swiss"]
[EventRounds "9"]
[EventCountry "ESP"]
[SourceTitle "Ajedrez en Madrid"]
[Source "lmi"]
[SourceDate "2008.08.01"]
[SourceVersion "1"]
[SourceVersionDate "2018.07.18"]
[SourceQuality "1"]

1. Nf3 c5 2. c4 Nc6 3. Nc3 g6 4. g3 Bg7 5. Bg2 e5 6. O-O Nge7 7. d3 d6 8. a3 a6
9. Rb1 Rb8 10. b4 cxb4 11. axb4 b5 12. Be3 O-O 13. Qd2 bxc4 14. dxc4 Bf5 15.
Rb2 Rxb4 16. Rxb4 Nxb4 17. Rd1 Bc2 18. Rc1 Bf5 19. Rd1 Bc2 20. Rc1 1/2-1/2

[Event "34. Open Ciutat de Badalona 2008"]
[Site "Badalona ESP"]
[Date "2008.08.09"]
[Round "9.3"]
[White "Konguvel, Ponnuswamy"]
[Black "Moskalenko, Viktor"]
[Result "1/2-1/2"]
[WhiteElo "2415"]
[BlackElo "2569"]
[PlyCount "33"]
[EventDate "2008.08.01"]
[EventType "swiss"]
[EventRounds "9"]
[EventCountry "ESP"]
[SourceTitle "Ajedrez en Madrid"]
[Source "lmi"]
[SourceDate "2008.08.01"]
[SourceVersion "1"]
[SourceVersionDate "2018.07.18"]
[SourceQuality "1"]

1. e4 e6 2. d4 d5 3. Nc3 Bb4 4. e5 b6 5. a3 Bf8 6. Nf3 Ne7 7. h4 Qd7 8. b4 Nbc6
9. Bd3 Bb7 10. h5 h6 11. Ne2 a5 12. Bd2 Nc8 13. c3 N6e7 14. a4 Ba6 15. b5 Bb7
16. Nh4 Na7 17. f4 1/2-1/2

[Event "34. Open Ciutat de Badalona 2008"]
[Site "Badalona ESP"]
[Date "2008.08.09"]
[Round "9.4"]
[White "Karlsson, Lars"]
[Black "Panelo, Marcelo"]
[Result "0-1"]
[WhiteElo "2476"]
[BlackElo "2414"]
[PlyCount "42"]
[EventDate "2008.08.01"]
[EventType "swiss"]
[EventRounds "9"]
[EventCountry "ESP"]
[SourceTitle "Ajedrez en Madrid"]
[Source "lmi"]
[SourceDate "2008.08.01"]
[SourceVersion "1"]
[SourceVersionDate "2018.07.18"]
[SourceQuality "1"]

1. f4 e5 2. fxe5 d6 3. exd6 Bxd6 4. Nf3 Nf6 5. d4 O-O 6. Nc3 Re8 7. Qd3 Nc6 8.
Bg5 Nb4 9. Qd2 Bf5 10. O-O-O h6 11. Bh4 g5 12. Bg3 Bxc2 13. Bxd6 cxd6 14. h4
Rc8 15. hxg5 Ne4 16. Qf4 Rxc3 17. bxc3 Nxa2+ 18. Kxc2 Qa5 19. g6 Nb4+ 20. Kb3
Qa2+ 21. Kxb4 a5+ 0-1

[Event "34. Open Ciutat de Badalona 2008"]
[Site "Badalona ESP"]
[Date "2008.08.09"]
[Round "9.6"]
[White "Hernandez, Ivan"]
[Black "Gallego Alcaraz, Andres Felipe"]
[Result "0-1"]
[WhiteElo "2344"]
[BlackElo "2400"]
[PlyCount "196"]
[EventDate "2008.08.01"]
[EventType "swiss"]
[EventRounds "9"]
[EventCountry "ESP"]
[SourceTitle "Ajedrez en Madrid"]
[Source "lmi"]
[SourceDate "2008.08.01"]
[SourceVersion "1"]
[SourceVersionDate "2018.07.18"]
[SourceQuality "1"]

1. Nf3 c5 2. c4 Nf6 3. g3 Nc6 4. Nc3 d5 5. cxd5 Nxd5 6. Bg2 Nc7 7. O-O e5 8. d3
Be7 9. Ne1 Bd7 10. f4 exf4 11. Bxf4 O-O 12. Nc2 Ne6 13. Bd2 Ned4 14. Ne3 Re8
15. Rf2 Rc8 16. Rc1 b6 17. Qf1 Ne5 18. Ned5 Bc6 19. Be4 Qd7 20. Rd1 Bd8 21. e3
Ne6 22. d4 Ng4 23. Re2 g6 24. Bg2 Nc7 25. Nxc7 Bxg2 26. Qxg2 Qxc7 27. Nd5 Qc6
28. Bc3 Bg5 29. e4 cxd4 30. Bxd4 Re6 31. h3 Ne5 32. h4 Bh6 33. g4 Bg7 34. g5
Qe8 35. Kh1 Rc4 36. b3 Rc8 37. Rf1 Rec6 38. Bb2 Re6 39. Bd4 Qb5 40. Bxe5 Rxe5
41. Ref2 Rf8 42. Rf4 Qd3 43. Qf3 Qxf3+ 44. R1xf3 h6 45. gxh6 Bxh6 46. Rg4 Kg7
47. Nf6 Rd8 48. Rg2 Rd6 49. Rgf2 Rd1+ 50. Kg2 Rd2 51. Rxd2 Bxd2 52. Rd3 Kxf6
53. Rxd2 Rxe4 54. Kg3 Ke6 55. Rd8 Kf6 56. Ra8 Re1 57. Kf4 Rd1 58. Ke4 a5 59.
Rb8 Rd6 60. Rb7 Ke6 61. Kf4 f6 62. Rb8 Rd4+ 63. Kg3 Rb4 64. Rh8 Kf5 65. h5 gxh5
66. Rxh5+ Ke4 67. Rh8 f5 68. Re8+ Kd3 69. Rc8 Ke3 70. Rc3+ Ke4 71. Kf2 Rd4 72.
Re3+ Kd5 73. Kf3 Rd2 74. a3 Ra2 75. b4 a4 76. Kf4 Rf2+ 77. Kg5 Rb2 78. Kxf5 Rb3
79. Re5+ Kc4 80. Re4+ Kb5 81. Re5+ Kc4 82. Re4+ Kb5 83. Re5+ Ka6 84. Ke4 Rxa3
85. Kd4 Rh3 86. Rg5 a3 87. Kc4 b5+ 88. Kd4 a2 89. Rg1 Rb3 90. Ra1 Rxb4+ 91. Kc3
Ra4 92. Kb3 Ka5 93. Kc3 Ra3+ 94. Kb2 Kb4 95. Kc2 Rh3 96. Rg1 Rh2+ 97. Kd3 Rb2
98. Rg4+ Kb3 0-1

[Event "34. Open Ciutat de Badalona 2008"]
[Site "Badalona ESP"]
[Date "2008.08.09"]
[Round "9.8"]
[White "Rios Parra, Mauricio"]
[Black "Vehi Bach, Victor Manuel"]
[Result "1/2-1/2"]
[WhiteElo "2349"]
[BlackElo "2411"]
[PlyCount "107"]
[EventDate "2008.08.01"]
[EventType "swiss"]
[EventRounds "9"]
[EventCountry "ESP"]
[SourceTitle "Ajedrez en Madrid"]
[Source "lmi"]
[SourceDate "2008.08.01"]
[SourceVersion "1"]
[SourceVersionDate "2018.07.18"]
[SourceQuality "1"]

1. e4 c5 2. Nf3 e6 3. d4 cxd4 4. Nxd4 Nc6 5. Nb5 d6 6. Bf4 e5 7. Be3 a6 8. N5c3
Nf6 9. Nd2 d5 10. exd5 Nxd5 11. Nxd5 Qxd5 12. Nc4 Qxd1+ 13. Rxd1 Be6 14. a3 Rd8
15. Rxd8+ Kxd8 16. Be2 Nd4 17. Bxd4 exd4 18. Ne5 f6 19. Bc4 fxe5 20. Bxe6 Kc7
21. Bd5 Be7 22. Be4 b6 23. Ke2 g5 24. Rd1 h6 25. Rd3 Rd8 26. Rf3 Rf8 27. Rxf8
Bxf8 28. Kf3 Kd6 29. Bb7 a5 30. Ke4 h5 31. Kf5 Be7 32. h4 gxh4 33. Kg6 Ke6 34.
Be4 b5 35. Kxh5 b4 36. a4 Bd8 37. Kg4 Be7 38. Kf3 Bg5 39. Kg4 Bd8 40. g3 hxg3
41. fxg3 Be7 42. Kh5 Bf6 43. g4 Kf7 44. g5 Bd8 45. Kg4 Be7 46. Kf5 Bd8 47. g6+
Kg7 48. Ke6 Bg5 49. Kxe5 Bf6+ 50. Kd6 Bg5 51. Kc5 Bf6 52. Kb5 Bd8 53. Bd3 Kf8
54. Kc4 1/2-1/2

[Event "34. Open Ciutat de Badalona 2008"]
[Site "Badalona ESP"]
[Date "2008.08.09"]
[Round "9.9"]
[White "Buchenau, Frank"]
[Black "Cruz, Filemon"]
[Result "1/2-1/2"]
[WhiteElo "2335"]
[BlackElo "2416"]
[PlyCount "157"]
[EventDate "2008.08.01"]
[EventType "swiss"]
[EventRounds "9"]
[EventCountry "ESP"]
[SourceTitle "Ajedrez en Madrid"]
[Source "lmi"]
[SourceDate "2008.08.01"]
[SourceVersion "1"]
[SourceVersionDate "2018.07.18"]
[SourceQuality "1"]

1. e4 d6 2. d4 c6 3. f4 g6 4. Nf3 Bg7 5. Bd3 Nf6 6. c4 O-O 7. Nc3 Qb6 8. Qe2
Bg4 9. Be3 Nh5 10. d5 Bxf3 11. gxf3 Bd4 12. Bd2 Nd7 13. O-O-O Nc5 14. Bc2 Rac8
15. f5 cxd5 16. exd5 Be5 17. Kb1 Nf4 18. Qf1 Na6 19. Re1 Qd4 20. Be3 Qxc4 21.
Qxc4 Rxc4 22. Bb3 Rb4 23. Kc2 Ng2 24. Re2 Nxe3+ 25. Rxe3 gxf5 26. Rf1 Rh4 27.
f4 Rxh2+ 28. Re2 Rxe2+ 29. Nxe2 Bf6 30. Ng3 Nc5 31. Nxf5 Nxb3 32. Kxb3 h5 33.
Ng3 Rc8 34. Nxh5 Rc5 35. Nxf6+ exf6 36. Re1 Rxd5 37. Re7 Rb5+ 38. Kc3 a5 39.
Rd7 Rb6 40. a3 Kf8 41. Rd8+ Ke7 42. Ra8 Rb5 43. Ra7 Ke6 44. a4 Rc5+ 45. Kd4 b5
46. Rxa5 Rc4+ 47. Ke3 bxa4 48. f5+ Ke7 49. Ra7+ Kf8 50. Rd7 Rc6 51. Ra7 Rb6 52.
Rxa4 Rxb2 53. Ra8+ Kg7 54. Rd8 Rb5 55. Rxd6 Rxf5 56. Rd8 Rf1 57. Ke2 Rf4 58.
Ke3 Ra4 59. Kf2 Ra3 60. Rb8 f5 61. Rb6 f6 62. Rb8 Kg6 63. Rg8+ Kf7 64. Rb8 Ke6
65. Re8+ Kd5 66. Re7 f4 67. Re8 Re3 68. Rd8+ Ke5 69. Re8+ Kf5 70. Ra8 Rb3 71.
Rh8 Kg6 72. Rg8+ Kf5 73. Rh8 f3 74. Rh4 Kg5 75. Rc4 Rd3 76. Ra4 f5 77. Rb4 Ra3
78. Rc4 f4 79. Rc8 1/2-1/2